Box office 1994 par images restreintes - Statistiques

Statistiques générales
  • Ce quiz a été pris 94 fois
  • Le résultat moyen est 9 sur 12
Statistiques - réponses
Par images Réponse % Correct
Le Roi lion
100%
Forrest Gump
98%
Léon
92%
The Mask
88%
Pulp Fiction
85%
Madame Doubtfire
81%
Un Indien dans la ville
74%
Rasta Rockett
62%
La Liste de Schindler
58%
Speed
52%
Philadelphia
40%
Quatre Mariages et un enterrement
31%
Aucun quiz correspondant
Distribution des résultats
% des personnes avec chaque résultat
Percentile par nombre de réponses
Votre historique - résultats
Vous n’avez pas pris ce quiz